| 000 | 00335 a2200133 4500 | ||
|---|---|---|---|
| 001 | 88819 | ||
| 082 | _aPR 742 | ||
| 090 |
_c41960 _d41960 |
||
| 100 | _aInam Ul Haq | ||
| 245 | _aVibration study of elastic Structures | ||
| 260 |
_aKarachi _bUniversity of Karachi _c1979 |
||
| 300 |
_a72p. _eMaqsood Rasul |
||
| 500 | _aBE Project Reports | ||
| 942 |
_aCAE NUST _kPR 742 |
||
| 999 |
_c323892 _d323892 |
||